| 000 | 00966nam0a22002411 4500 | ||
|---|---|---|---|
| 001 | rc\2202481 | ||
| 005 | 20110829165223.1 | ||
| 035 | _a(NLR Aleph) 006486550 | ||
| 090 |
_a6088315 _c6088315 |
||
| 100 | _a20110829d1978 |||y0rusy50 ca | ||
| 101 | 0 | _arus | |
| 102 | _aRU | ||
| 105 | _ay z ||||| | ||
| 200 | 1 |
_aОсновные показатели медицинского обслуживания детей яслями, состоящими на бюджете органов здравоохранения, и домами ребенка за 1977 год _e[Стат. сб.] _fМ-во здравоохранения. Бюро мед. статистики _gСост. Броун Р.Г. |
|
| 210 |
_aМосква _cБ. и. _d1978 |
||
| 215 |
_a[3], III, 54 с. _d20 |
||
| 333 | _aДСП. Экз. № 197 | ||
| 702 | 1 |
_aБроун _bР. Г. _4220 |
|
| 801 | 0 |
_aRU _bNLR _gpsbo |
|
| 801 | 1 |
_aRU _bELAR _2rusmarc |
|
| 852 |
_aNLR _j78-50К/5156 |
||
| 942 | _cBOOK | ||
| 980 | _aNB | ||